000 00778nam a22002417a 4500
001 11803482
003 OSt
005 20220114022022.0
008 170213b xxu||||| |||| 00| 0 eng d
010 _a 99050164
020 _a0201346761
040 _aMMU
_cMMU
_dMMU
_beng
050 0 0 _aPE1128
_b.S345 2000
100 1 _aSchoenberg, Irene,
_d1946-
245 1 0 _aFocus on grammar.
_pA basic course for reference and grammar /
_cIrene E. Schoenberg.
250 _a2nd ed.
260 _aWhite Plains, NY :
_bAddison Wesley Longman,
_cc2000.
300 _axvi, 455 p. :
_bill. ;
_c28 cm.
500 _aIncludes index.
650 0 _aEnglish language
_vTextbooks for foreign speakers.
650 0 _aEnglish language
_xGrammar
_vProblems, exercises, etc.
942 _2lcc
_cLOAN LOAN
999 _c22701
_d22701